Thiết kế kiến trúc với Revit
保存先:
| 第一著者: | |
|---|---|
| フォーマット: | 図書 |
| 出版事項: |
Hà Nội
Thanh niên
2017
|
| 主題: | |
| タグ: |
タグ追加
タグなし, このレコードへの初めてのタグを付けませんか!
|
| Thư viện lưu trữ: | Trung tâm Học liệu Lê Vũ Hùng, Trường Đại học Đồng Tháp |
|---|
| LEADER | 00720pam a22002298a 4500 | ||
|---|---|---|---|
| 001 | 00045698 | ||
| 005 | 20200819160810.0 | ||
| 008 | 161209s2014 ||||||Viesd | ||
| 020 | # | # | |c 120000 |
| 041 | 0 | # | |a Vie |
| 082 | 1 | 4 | |a 720.285 |b TH308K |
| 100 | 1 | # | |a Phạm, Quang Hiển |
| 245 | 1 | 0 | |a Thiết kế kiến trúc với Revit |c Phạm Quang Hiển |
| 260 | # | # | |a Hà Nội |b Thanh niên |c 2017 |
| 300 | # | # | |a 424 tr. |c 24 cm |
| 653 | # | # | |a Kiến trúc |
| 653 | # | # | |a Máy vi tính |
| 653 | # | # | |a Phần mềm |
| 653 | # | # | |a Thiết kế |
| 852 | # | # | |j KM.0034324 |j KM.0034323 |j KD.0027291 |
| 910 | # | # | |d 19/8/2020 |
| 980 | # | # | |a Trung tâm Học liệu Lê Vũ Hùng, Trường Đại học Đồng Tháp |